Návody k laboratorním cvičením z elektrotechniky ... posluchače fakulty chemicko-inženýrske

Bibliographic Details
Main Author: Hofmann, Jaroslav (Author)
Format: Book
Language:Czech
PhysicalDescription:75 s. 4°
Published: Praha VŠCHT 1989
ISBN:8070800305

MARC

LEADER 00000nam a2200000 a 4500
001 vtls001357605
003 SK-MaSNL
005 20260301114958.0
008 240314s1989 xr 0 cze
020 |a 8070800305 
035 |a SNK000311105 
040 |a SNK  |b slo  |c SNK  |e AACR2 
041 0 |a cze 
044 |a CZ 
100 1 |a Hofmann, Jaroslav  |4 aut  |9 459242 
245 1 0 |a Návody k laboratorním cvičením z elektrotechniky  |b ... posluchače fakulty chemicko-inženýrske  |c Jaroslav Hofmann 
260 |a Praha  |b VŠCHT  |c 1989 
300 |a 75 s.  |c 4° 
919 |a 80-7080-030-5 
958 |a RK 
958 |a OND 
999 |c 720488  |d 722418 
952 |t P60, <04>, [BOOK], {604}  |a SNK  |b SNK  |y VYP  |7 0  |o snkIB 63807  |i snkKIP 3457/90  |0 0  |1 0  |4 0  |d 1999-03-12  |l 0  |r 2005-01-02 00:00:00  |w 2026-02-23 
952 |t P60, <04>, [BOOK], {604}  |a SNK  |b SNK  |y VYP  |7 0  |o snkIB 63807 D1  |i snkKIP 3458/90  |0 0  |1 0  |4 0  |d 1999-03-12  |l 0  |r 2005-01-02 00:00:00  |w 2026-02-23